| 000 | 01306nam a2200373Ia 4500 | ||
|---|---|---|---|
| 001 | Z_6620 | ||
| 003 | CHAP | ||
| 005 | 20230703145634.0 | ||
| 008 | 220113s2014 xx 000 0 und d | ||
| 010 | _a169892 | ||
| 040 | _cCHAP | ||
| 090 | _aTesis B36 2351 | ||
| 100 |
_aBaños Mariano, Aurora _9126841 |
||
| 245 |
_aFactores que afectan la eficiencia de la obtención de ovocitos de ovarios de oveja en laboratorio / _cAurora Baños Mariano |
||
| 260 |
_aMéxico : _bEl autor, _c2014 |
||
| 300 | _a40 p. | ||
| 502 | _aTesis ( Ingeniero Agrónomo Especialista en Zootecnia) -- UACh, 2014 \ Dirección: Raymundo Rangel Santos; asesoría: Agustín Ruíz Flores y José Ayala Oseguera | ||
| 650 |
_aCalidad _917483 |
||
| 650 |
_aCuerpo lúteo _9145321 |
||
| 650 |
_aFolículo _9145385 |
||
| 650 |
_aGanado ovino _9139065 |
||
| 650 |
_aOveja doméstica _9145386 |
||
| 650 |
_aOvocitos _9145323 |
||
| 650 |
_aPorcentaje de recuperación _9145324 |
||
| 700 |
_a Ayala Oseguera, José, asesor _9142549 |
||
| 700 |
_a Ruíz Flores, Agustín, asesor _9142674 |
||
| 700 |
_aRangel Santos, Raymundo, director _9139209 |
||
| 856 | 4 | 2 |
_uhttp://10.13.5.2/tesis/sist109614.pdf _yDescargar PDF |
| 901 | _aTESIS B36 2351 | ||
| 902 | _aM | ||
| 910 | _a2014 | ||
| 942 |
_c2 _2ddc |
||
| 942 |
_c2 _2ddc |
||
| 999 |
_c169892 _d169892 |
||